How Many NBA Teams Do You Know? - Statistics

General Stats
  • This quiz has been taken 3,388 times
  • The average score is 24 of 30
Answer Stats
Teams % Correct
Los Angeles Clippers
97%
Los Angeles Lakers
96%
Golden State Warriors
90%
Boston Celtics
89%
Miami Heat
89%
Cleveland Cavaliers
85%
New Orleans Hornets
84%
Brooklyn Nets
83%
Chicago Bulls
83%
New York Knicks
83%
San Antonio Spurs
83%
Dallas Mavericks
82%
Houston Rockets
82%
Milwaukee Bucks
80%
Oklahoma City Thunder
80%
Philadelphia 76ers
80%
Atlanta Hawks
79%
Orlando Magic
78%
Washington Wizards
78%
Phoenix Suns
77%
Sacramento Kings
77%
Toronto Raptors
77%
Detroit Pistons
75%
Minnesota Timberwolves
74%
Denver Nuggets
73%
Portland Trail Blazers
72%
Utah Jazz
72%
Indiana Pacers
71%
Memphis Grizzlies
70%
Charlotte Bobcats
44%
No matching quizzes found
Score Distribution
Percent of People with Each Score
Percentile by Number Answered
Your Score History
You have not taken this quiz